Omosessualità /

Furkejuvvon:
Bibliográfalaš dieđut
Váldodahkki: Viglianedi-Rocca, Lorenzo (Dahkki)
Materiálatiipa: Girji
Giella:itáliagiella
Almmustuhtton: Bologna : Capitol, 1965
Fáttát:
Fáddágilkorat: Lasit fáddágilkoriid
Eai fáddágilkorat, Lasit vuosttaš fáddágilkora!

MARC

LEADER 00000nam a22000001i 4500
001 IT\ICCU\SBL\0260734
003 ItRI
005 20260115232320.0
008 910930s1965 it |||||| ||||| |||||c
015 |2 IT  |a 6555 
040 |b ita  |c importazione bologna sebina 
041 7 |a ita  |2 ISO-639-2 
082 |a 132.75  |9 PERVERSIONI SESSUALI  |2 16 
100 1 |a Viglianedi-Rocca, Lorenzo  |0 IT\ICCU\SBLV\146143  |4 aut 
245 1 0 |a Omosessualità /  |c Lorenzo Viglianedi-Rocca. 
260 |a Bologna :  |b Capitol,  |c 1965 
300 |a 115 p. ;  |c 18 cm. 
650 7 |a Omosessualità 
942 |2 ddc  |c BK  |n 0 
952 |0 0  |1 0  |4 0  |6 DOC_306_766000000000000_VIG  |7 0  |9 24068  |a BO  |b BO  |d 2026-01-15  |i 665  |l 0  |o DOC 306.766 VIG  |p BO665  |r 2026-01-15 23:23:20  |w 2026-01-15  |x [Sebina 5] [1 v.]  |y BK  |z 1 v. 
999 |c 20495  |d 20495